000 00783nam a2200205Ii 4500
003 JO-AjNU
008 230605s9999||||xx |||||||||||||| ||und||
040 _aJO-AjNU
_bara
_erda
_cJO-AjNU
041 _aara
050 1 4 _aBP166.93.S8952 1985
100 3 _aالسيوطي، جلال الدين عبد الرحمن ، دراسة وتحقيق محمد عبد القادر عطا,
_eauthor
_949138
245 0 0 _aنزول عيسى بن مريم آخر الزمان
250 _aط1
264 3 1 _aبيروت: دار الكتب العلمية، 1985
300 _a94ص
336 _atext
_btxt
_2rdacontent
337 _aunmediated
_bn
_2rdamedia
338 _avolume
_bnc
_2rdacarrier
650 4 _aعيسى بن مريم- نزول عيسى بن مريم- يوم القيامة
_949139
999 _aA21564
_c25132
_d25132